000 00466cam a2200181 4500
001 H25
008 090401t1981 xxu||||| |||| 00| 0 eng d
035 _a(Sirsi) u36502
041 _aeng
050 _a694.014
245 4 _aThe termite resistance of board materials
260 _aGarston, Watford
_bBuilding Research Establishment
_c1981
300 _a2p. ; 30cm.
350 _a0
490 _aBRE Information Paper
_v9/81 s
942 _n0
948 _c04/03/1997
999 _c90304
_d90304